Normal view
MARC view
- Manor, James.
Entry Personal Name
001 - CONTROL NUMBER
- control field: 19949
003 - CONTROL NUMBER IDENTIFIER
- control field: NUST
005 - DATE AND TIME OF LATEST TRANSACTION
- control field: 20190904110100.0
008 - FIXED-LENGTH DATA ELEMENTS
- fixed length control field: 190904|| aca||aabn | a|a d
040 ## - CATALOGING SOURCE
- Original cataloging agency: NUST
- Transcribing agency: NUST
100 ## - HEADING--PERSONAL NAME
- Personal name: Manor, James.
670 ## - SOURCE DATA FOUND
- Source citation: Work cat.: (NUST)0: James Manor 19947, Aid that works :, c2007.
